| 000 | 00379nam a22001217a 4500 | ||
|---|---|---|---|
| 082 | _a220 PRO | ||
| 100 |
_aYASIR, TARIQ,NAFEES _972144 |
||
| 245 | _aPR-SOF-1114-THEORETICAL STUDY OF LASER SHOCK PEENING AND ITS EXPERIMENTAL VALIDATIONS OF PILO | ||
| 260 |
_aISLAMABAD _bNUST COLLEGE OF EME _c2011 |
||
| 650 | _a DE-MECH-29 | ||
| 700 |
_aDR SYED WAHEED UL HAQ _918639 |
||
| 942 | _cCR | ||
| 999 |
_c578308 _d578308 |
||